| 000 | 00536nam a22001697a 4500 | ||
|---|---|---|---|
| 005 | 20240108105840.0 | ||
| 008 | 190326b xxu||||| |||| 00| 0 eng d | ||
| 020 | _a978-93-51643-41-8 | ||
| 041 | _aeng | ||
| 100 |
_aJAIN, DR .K.S. AND MANIYAR, DR. P.B. _94915 |
||
| 245 | _aA BOOK OF PHARMACEUTICAL ORGANIC CHEMISTRY SIMPLIFIED C(CEM-III AND IV ) ND IV | ||
| 250 | _a5 TH, 2019 | ||
| 260 |
_aPUNE _bNIRALI PRAKASHAN |
||
| 300 | _aI.1 p, | ||
| 650 |
_aPHARMACY _xB.PHARMA |
||
| 942 | _cBK | ||
| 999 |
_c5788 _d5786 |
||